000 00665nam a2200229Ia 4500
005 20241216010132.0
008 180423s9999||||xx |||||||||||||| ||und||
020 _a84-7509-897-5
082 _a401.41
_bM26
100 _aMARIE FLOCH JEAN
245 0 _aSEMIOTICA MARKETING Y COMUNICACION
_bBAJO LOS SIGNOS DE LA ESTRATEGIAS
250 _a0
260 _aESPAÑA
_bPAIDOS IBERICA S.A.
_c1991
300 _a255 pag.
_c22 cm
341 _h95.59
490 _v0
_a0
505 _aIMAGEN-LETRAS-RECHAZO EUFORIA/SIGNOS-SIMBOLOS
541 _aC
_bSAN CRISTOBAL S.A.
_d18-Jun-99
_odólar
650 _aLINGUISTICA Y FILOSOFIA
856 _zHumanidades
942 _cLIBRO
999 _c6427
_d6427